000 01215nam a2200325 4500
001 0000022163
003 CO-CtgCURN
005 20250329191029.0
007 ta
008 160627s1988 000 0 eng d
020 _a9684268610
040 _aCO-CtgCURN
_bspa
_ccoctgcurn
082 0 _a158.2
_bR63m
100 1 _aRodríguez Estrada, Mauro.
245 1 0 _aManejo de conflictos /
_cMauro Rodríguez Estrada.
250 _a2a ed.
260 _aMexico :
_bManual Moderno,
_c1988.
300 _axi, 62 p.
336 _2rdacontent
337 _2rdamedia
_asin mediacion
_bn
338 _2rdacarrier
_avolumen
_bnc
490 1 _aCapacitacion integral ;
_v5
504 _aBibliografia (p. 59-60)
505 8 _aEl conflicto, una realidad intrinseca a la vida.--Naturaleza de conflicto.--areas frecuentes del conflicto.--Tipos de conflictos.--Los problemas como conflictos.--La agresividad expresion tipica del conflicto.--Madurez personal y manejo de conflictos
650 1 4 _aSolucion de conflictos.
908 _a160627
942 _cBK
_h158.2
_iR63m
_2ddc
999 _c11687
_d11687